000 00428nam a2200169 a 4500
005 20140412111428.0
008 090224s19uu xx 00 eng d
020 _a0-590-48762-0
050 _aTR(PS E
_bWh56 1993
100 _aLillie, Patricia
245 _aWhen Box is full /
_cPatricia Lillie.
260 _aU.S.A :
_bScholastic,
_c1993.
300 _a27p.
650 _aEmpty, Full
999 _c106284
_d106284